000
00180 a2200097 4500
020
_a
038332561722
041
_a
eng
100
_a
Roberts, nora
245
_a
Blood brothers
942
_c
BK
999
_c
848
_d
848